|
|
|
|
| LEADER |
00000cam a2200000 7i4500 |
| 001 |
0000007096 |
| 005 |
20151222.0 |
| 008 |
070828 |
| 020 |
|
|
|a 9679714608
|
| 020 |
|
|
|a 9679714683 (set)
|
| 090 |
0 |
0 |
|a JF
|b HEA MAL (6945)
|
| 100 |
0 |
|
|a Muhamad Ismail Ahmad
|
| 245 |
1 |
0 |
|a Sukan
|c Muhamad Ismail Ahmad
|
| 260 |
|
|
|a Selangor :
|b Flo Enterprise ,
|c 2004
|
| 440 |
|
|
|a Siri Pendidikan jasmani dan kesihatan
|
| 500 |
|
|
|a Children ages 7-9 years old (orange)
|
| 650 |
|
0 |
|a Health
|x Education
|
| 999 |
|
|
|a 0000860125
|b Book
|c Adult Collection
|e Cawangan Batu Pahat
|
| 999 |
|
|
|a 0000920982
|b Book
|c Children Collection
|e Cawangan Bukit Gambir
|
| 999 |
|
|
|a 0000920983
|b Book
|c Children Collection
|e Cawangan Bukit Gambir
|
| 999 |
|
|
|a 0000920984
|b Book
|c Children Collection
|e Cawangan Bukit Gambir
|
| 999 |
|
|
|a 0000931005
|b Book
|c Children Collection
|e Cawangan Tangkak
|
| 999 |
|
|
|a 0000931006
|b Book
|c Children Collection
|e Cawangan Tangkak
|
| 999 |
|
|
|a 0000931007
|b Book
|c Children Collection
|e Cawangan Tangkak
|
| 999 |
|
|
|a 0000988635
|b Book
|c Children Collection
|e Cawangan Tmn. Ungku Tun Aminah
|
| 999 |
|
|
|a 0000988636
|b Book
|c Children Collection
|e Perbadanan Perpustakaan Awam Johor
|
| 999 |
|
|
|a 0000988637
|b Book
|c Children Collection
|e Cawangan Pontian
|
| 999 |
|
|
|a 0000988638
|b Book
|c Children Collection
|e Cawangan Tmn. Ungku Tun Aminah
|
| 999 |
|
|
|a 0000988639
|b Book
|c Children Collection
|e Perbadanan Perpustakaan Awam Johor
|